[Event "Foment Martinenc op-A 23rd"]
[Site "Barcelona"]
[Date "2023.05.27"]
[Round "6"]
[White "Garcia Busquets, Jordi"]
[Black "Orellana Romero, Daniel"]
[Result "1-0"]
[WhiteElo "1981"]
[BlackElo "1583"]
[PlyCount "123"]
[EventDate "2023.04.22"]
[EventType "swiss"]
[EventRounds "9"]
[EventCountry "ESP"]
[SourceTitle "EXT 2024"]
[Source "ChessBase"]
[SourceDate "2023.10.10"]
[SourceVersion "1"]
[SourceVersionDate "2023.10.10"]
[SourceQuality "1"]

1. e4 c5 2. Nf3 Nc6 3. c3 Nf6 4. e5 Nd5 5. d4 cxd4 6. cxd4 d6 7. Bc4 Nb6 8. Bb5 e6 9. 0-0 Be7 10. Nc3 0-0 11. Qe2 Bd7 12. Rd1 a6 13. Bd3 Nb4 14. Be4 Bc6 15. Bxc6 Nxc6 16. d5 exd5 17. Nxd5 Nxd5 18. Rxd5 Nb4 19. Rd1 d5 20. Nd4 Qc8 21. Be3 Nc6 22. f4 Rd8 23. Rac1 Nxd4 24. Bxd4 Qf5 25. Bb6 Rd7 26. Qf3 Qe6 27. Bd4 Rdd8 28. f5 Qh6 29. Rc7 Bg5 30. Rxb7 Qc6 31. Rb6 Qc4 32. b3 Qc2 33. Qd3 Qxd3 34. Rxd3 Rdc8 35. a4 Rc1+ 36. Kf2 Rac8 37. Be3 R1c2+ 38. Kf3 Bxe3 39. Rxe3 h5 40. Rxa6 R8c3 41. Rb6 Rxe3+ 42. Kxe3 Rxg2 43. a5 Rxh2 44. b4 Ra2 45. Rd6 Ra3+ 46. Kd4 h4 47. Kc5 Rd3 48. Rd8+ Kh7 49. e6 fxe6 50. fxe6 Re3 51. Rxd5 Kg6 52. a6 Kf6 53. a7 Ra3 54. Kb6 h3 55. Rh5 Ra4 56. b5 g5 57. Rxh3 g4 58. Rg3 Kg7 59. Kb7 Ra5 60. a8Q Rxb5+ 61. Kc6 Rf5 62. Rxg4+ 1-0

[Event "Foment Martinenc op-C 20th"]
[Site "Barcelona"]
[Date "2018.06.09"]
[Round "8"]
[White "Poyan Cobelli, Alex"]
[Black "Orellana Romero, Daniel"]
[Result "0-1"]
[WhiteElo "1511"]
[BlackElo "1610"]
[PlyCount "105"]
[EventDate "2018.04.21"]
[EventType "swiss"]
[EventRounds "9"]
[EventCountry "ESP"]
[SourceTitle "CBM 184 Extra"]
[Source "ChessBase"]
[SourceDate "2018.06.28"]
[SourceVersion "1"]
[SourceVersionDate "2018.06.28"]
[SourceQuality "1"]

1. e4 e6 2. d4 b6 3. Nc3 Bb7 4. Bd3 Nc6 5. Nge2 Bb4 6. Qd2 d5 7. a3 Bxc3 8. Qxc3 Qe7 9. Bb5 Qd7 10. Nf4 Nge7 11. 0-0 dxe4 12. d5 Nxd5 13. Nxd5 Qxd5 14. Qxg7 0-0-0 15. Bf4 Qxb5 16. Qxf7 Rd7 17. Qxe6 Qd5 18. Qh3 Rhd8 19. Rad1 Nd4 20. c3 Ne2+ 21. Kh1 Nxf4 22. Rxd5 Nxh3 23. Rxd7 Nxf2+ 24. Rxf2 Rxd7 25. h3 e3 26. Re2 Re7 27. Kh2 c5 28. Kg3 Ba6 29. Re1 e2 30. b3 Kc7 31. c4 Re3+ 32. Kf2 Rxb3 33. Rxe2 Kd6 34. h4 Bxc4 35. Re1 Rxa3 36. g4 b5 37. g5 b4 38. h5 Bf7 39. g6 hxg6 40. h6 Bg8 41. Rg1 Bh7 42. Rd1+ Ke6 43. Rc1 Kd5 44. Rd1+ Kc6 45. Re1 b3 46. Kg3 b2+ 47. Kg4 c4 48. Kg5 c3 49. Kf6 c2 50. Re6+ Kd5 51. Re5+ Kd4 52. Re7 Rf3+ 53. Kg7 0-1

[Event "Foment Martinenc op-C 20th"]
[Site "Barcelona"]
[Date "2018.05.12"]
[Round "4"]
[White "Rodriguez Batuecas, Jordi"]
[Black "Orellana Romero, Daniel"]
[Result "1-0"]
[WhiteElo "1811"]
[BlackElo "1610"]
[PlyCount "65"]
[EventDate "2018.04.21"]
[EventType "swiss"]
[EventRounds "9"]
[EventCountry "ESP"]
[SourceTitle "CBM 184 Extra"]
[Source "ChessBase"]
[SourceDate "2018.06.28"]
[SourceVersion "1"]
[SourceVersionDate "2018.06.28"]
[SourceQuality "1"]

1. e4 e6 2. d4 d5 3. exd5 exd5 4. Nf3 Nf6 5. Bg5 h6 6. Bh4 Bb4+ 7. c3 Qe7+ 8. Be2 Bd6 9. Bxf6 Qxf6 10. 0-0 0-0 11. Re1 Bg4 12. Nbd2 Re8 13. Bd3 Nd7 14. Qb3 Nb6 15. Rxe8+ Rxe8 16. a4 a5 17. Re1 Rxe1+ 18. Nxe1 Bxh2+ 19. Kf1 Bg3 20. Nef3 Bxf3 21. Nxf3 Bh4 22. Qb5 g6 23. Qxa5 Qf4 24. Qb5 f5 25. a5 Nc4 26. Qxd5+ Kg7 27. Bxc4 Qc1+ 28. Ne1 Kf6 29. Qd8+ Kg7 30. Qxh4 Qxb2 31. Qe7+ Kh8 32. Qf8+ Kh7 33. Qg8# 1-0

[Event "Foment Martinenc op-C 20th"]
[Site "Barcelona"]
[Date "2018.05.05"]
[Round "3"]
[White "Orellana Romero, Daniel"]
[Black "Alarcon Alarcon, Marina"]
[Result "1-0"]
[WhiteElo "1610"]
[BlackElo "1473"]
[PlyCount "99"]
[EventDate "2018.04.21"]
[EventType "swiss"]
[EventRounds "9"]
[EventCountry "ESP"]
[SourceTitle "CBM 184 Extra"]
[Source "ChessBase"]
[SourceDate "2018.06.28"]
[SourceVersion "1"]
[SourceVersionDate "2018.06.28"]
[SourceQuality "1"]

1. e4 e5 2. Nf3 Nc6 3. Bc4 Be7 4. c3 Nf6 5. d3 d6 6. Qb3 d5 7. exd5 Na5 8. Qb5+ c6 9. dxc6 Nxc6 10. 0-0 0-0 11. Re1 Bd6 12. Bg5 Be6 13. Bxe6 fxe6 14. Qxb7 Qb6 15. Qxb6 axb6 16. Nbd2 Ng4 17. Re4 Nf6 18. Bxf6 Rxf6 19. Nc4 Bc7 20. Ncxe5 Nxe5 21. Nxe5 Raf8 22. Nd7 Bxh2+ 23. Kxh2 Rh6+ 24. Kg1 Rf5 25. g3 Rfh5 26. Rh4 Rxh4 27. gxh4 Rxh4 28. Nxb6 Kf7 29. a4 Rg4+ 30. Kf1 Rh4 31. a5 Rh1+ 32. Ke2 Rxa1 33. b4 h5 34. Nd7 h4 35. Kf3 g5 36. Ne5+ Kf6 37. Ng4+ Kf5 38. Ne3+ Ke5 39. d4+ Kd6 40. c4 h3 41. Kg3 g4 42. Nxg4 Rg1+ 43. Kxh3 Rb1 44. b5 Rd1 45. a6 Rh1+ 46. Kg3 Rh8 47. c5+ Kc7 48. Ne5 Rd8 49. b6+ Kb8 50. Nc6+ 1-0

[Event "Foment Martinenc op-C 20th"]
[Site "Barcelona"]
[Date "2018.04.28"]
[Round "2"]
[White "Capella Baladas, Jaume Francesc"]
[Black "Orellana Romero, Daniel"]
[Result "1-0"]
[WhiteElo "1819"]
[BlackElo "1610"]
[PlyCount "65"]
[EventDate "2018.04.21"]
[EventType "swiss"]
[EventRounds "9"]
[EventCountry "ESP"]
[SourceTitle "CBM 184 Extra"]
[Source "ChessBase"]
[SourceDate "2018.06.28"]
[SourceVersion "1"]
[SourceVersionDate "2018.06.28"]
[SourceQuality "1"]

1. d4 e6 2. Nf3 Nf6 3. Bg5 Be7 4. e3 b6 5. Bd3 Bb7 6. 0-0 Nc6 7. c3 h6 8. Bh4 Na5 9. Nbd2 d5 10. Ne5 0-0 11. f4 a6 12. Rf3 Ne4 13. Bxe7 Qxe7 14. Qc2 f5 15. Ng6 Qf6 16. Nxf8 Rxf8 17. b4 Nc6 18. Rh3 g5 19. fxg5 Nxg5 20. Rg3 Kh7 21. Rf1 Ne7 22. Nf3 Rg8 23. Nxg5+ hxg5 24. Qd1 g4 25. Rxg4 Qh6 26. Rxg8 Qxe3+ 27. Kh1 Kxg8 28. Rf3 Qg5 29. Rg3 Qxg3 30. hxg3 Nc8 31. g4 Ne7 32. gxf5 exf5 33. Qh5 1-0